Language Quiz

Random Language or Letter Quiz

Ends in 'G' per Letter Quiz Stats

Quiz Updated Mar 6, 2015

Challenge
Share
Tweet
Embed
Score 0/26 Timer 05:00
0 Plays Today
Letter __G Word % Correct
AArmstrong
97.9%
Cceiling
96.4%
BBeijing
95.6%
Eearring
94.6%
Wwrong
92.8%
Yyoung
92.6%
Nnothing
91.7%
Iinning
91.2%
Ddarling
87.8%
Hherring
85.8%
Kkindling
78.9%
GGehrig
74.7%
Ooblong
72.6%
Letter __G Word % Correct
Llemming
70.7%
Tthrong
67%
Ssarong
66.9%
RRiesling
66.7%
Ffurlong
64.2%
Pprong
63.7%
MMekong
49.4%
Qquahog
45.1%
Jjitterbug
43.1%
Uupswing
38.3%
XXiaoping
23.6%
Zzaftig
18.1%
VVarig
10.4%

You're not logged in!

Compare scores with friends on all Sporcle quizzes.
Join for Free
OR
Log In

You Might Also Like...

Show Comments

Extras

Top Quizzes Today


Score Distribution

Your Account Isn't Verified!

In order to create a playlist on Sporcle, you need to verify the email address you used during registration. Go to your Sporcle Settings to finish the process.

Report this User

Report this user for behavior that violates our Community Guidelines.

Details: